Metric- Black Sheep (Brie Larson Vocal Version) (All Lyrics) - Statistics

General Stats
  • This quiz has been taken 60 times
  • The average score is 119 of 152
Answer Stats
Lyrics % Correct
a
100%
I
100%
of
100%
you
100%
You
100%
again
97%
Friend
97%
friend,
97%
Hello
97%
knew
97%
love
97%
my
97%
ooh
95%
ooh,
95%
the
95%
Oh
92%
on
92%
to
92%
when
92%
end
89%
for
89%
For
89%
that
89%
was
89%
world
89%
yeah?
89%
yeah!
89%
Our
87%
wire
87%
common
84%
goal
84%
is
84%
send
84%
an
82%
every
82%
Now
82%
waiting
82%
and
79%
just
79%
rule
79%
truth
79%
can
76%
time
76%
bend
74%
trick
71%
trick,
71%
away,
68%
crack
68%
past
68%
shape-shift
68%
Everyone,
66%
Everyone
66%
up,
66%
up
66%
whip,
66%
From
63%
from
63%
it
63%
automobile
61%
Got
61%
in
61%
Lift
61%
all
58%
minimum
58%
wage
58%
I'll
55%
I'm
55%
outer
55%
Pulls
55%
space
55%
estate
53%
real
53%
steel
53%
balls
50%
buying
47%
one
42%
anyone
37%
It's
37%
mechanical
37%
ride
37%
take
37%
wants
34%
bull,
32%
number
29%
You'll
29%
No matching quizzes found
Score Distribution
Percent of People with Each Score
Percentile by Number Answered
Your Score History
You have not taken this quiz